Southville International School and Colleges
Your cart is empty.
  • Cart
  • Lists
    Public lists Eva Luna New books Lux_list list_1
    Your lists Log in to create your own lists
  • Log in to your account
  • Your cookies
  • Search history
Southville International School and Colleges
  • Advanced search
  • Recent comments
  • Most popular
  • Libraries

Log in to your account

Log in with GOOGLE


If you do not have an external account, but do have a local account, you can still log in:

  1. Home
  2. MARC view: Celtic mythology /
Normal view MARC view ISBD view

Celtic mythology / (Record no. 10336)

[ view plain ]
MARC details
000 -LEADER
fixed length control field 00947cam a2200325 a 4500
001 - CONTROL NUMBER
control field 4797581
003 - CONTROL NUMBER IDENTIFIER
control field OSt
005 - DATE AND TIME OF LATEST TRANSACTION
control field 20140310182206.0
008 - FIXED-LENGTH DATA ELEMENTS--GENERAL INFORMATION
fixed length control field 870526t19851983enka j b 001 0 eng c
010 ## - LIBRARY OF CONGRESS CONTROL NUMBER
LC control number 87672882
020 ## - INTERNATIONAL STANDARD BOOK NUMBER
International Standard Book Number 9781855019317
040 ## - CATALOGING SOURCE
Original cataloging agency MH
Transcribing agency MH
Modifying agency DLC
042 ## - AUTHENTICATION CODE
Authentication code lcac
043 ## - GEOGRAPHIC AREA CODE
Geographic area code e------
050 14 - LIBRARY OF CONGRESS CALL NUMBER
Classification number BL 900
Item number .C212 1996
082 ## - DEWEY DECIMAL CLASSIFICATION NUMBER
Classification number HS 398.2
Item number C16 1996
100 2# - MAIN ENTRY--PERSONAL NAME
Personal name Cana, Proinsias Mac
9 (RLIN) 16492
245 10 - TITLE STATEMENT
Title Celtic mythology /
Statement of responsibility, etc Cana, Proinsias Mac
260 ## - PUBLICATION, DISTRIBUTION, ETC. (IMPRINT)
Place of publication, distribution, etc London :
Name of publisher, distributor, etc Chancellor Press,
Date of publication, distribution, etc 1996.
300 ## - PHYSICAL DESCRIPTION
Extent 128 p. :
Other physical details ill. ;
Dimensions 31 cm.
490 1# - SERIES STATEMENT
Series statement Library of the world's myths and legends
650 #0 - SUBJECT ADDED ENTRY--TOPICAL TERM
Topical term or geographic name as entry element Tales
9 (RLIN) 10603
650 #0 - SUBJECT ADDED ENTRY--TOPICAL TERM
Topical term or geographic name as entry element Legends
9 (RLIN) 11152
650 #0 - SUBJECT ADDED ENTRY--TOPICAL TERM
Topical term or geographic name as entry element Folklore
9 (RLIN) 6494
650 #0 - SUBJECT ADDED ENTRY--TOPICAL TERM
Topical term or geographic name as entry element . Mythology
9 (RLIN) 10603
830 #0 - SERIES ADDED ENTRY--UNIFORM TITLE
Uniform title Library of the world's myths and legends (Feltham, London, England)
9 (RLIN) 16493
906 ## - LOCAL DATA ELEMENT F, LDF (RLIN)
a 7
b cbc
c orignew
d u
e ncip
f 19
g y-gencatlg
942 ## - ADDED ENTRY ELEMENTS (KOHA)
Koha item type
Holdings
Withdrawn status Lost status Source of classification or shelving scheme Damaged status Home library Current library Shelving location Date acquired Total Checkouts Total Renewals Full call number Barcode Checked out Date last seen Date checked out Copy number Price effective from Koha item type
    Library of Congress Classification   Luxembourg Library Luxembourg Library High School Section 09/04/2013 2 1 BL 900 .G649 1997 7431 01/16/2026 12/16/2025 12/16/2025 1 09/04/2013 Books
    Library of Congress Classification   Luxembourg Library Luxembourg Library High School Section 09/07/2013     BL 900 .C212 1968 6584   06/13/2017   1 09/07/2013 Books

Celtic mythology /

APA

Cana P. M., . (1996). Celtic mythology. London: Chancellor Press.

Chicago

Cana Proinsias Mac, . 1996. Celtic mythology. London: Chancellor Press.

Harvard

Cana P. M., . (1996). Celtic mythology. London: Chancellor Press.

MLA

Cana Proinsias Mac, . Celtic mythology. London: Chancellor Press. 1996.

  • Place hold
  • Print
  • Cite
  • Add to your cart (remove)
  • Save record
    BIBTEX Dublin Core MARCXML MARC (non-Unicode/MARC-8) MARC (Unicode/UTF-8) MARC (Unicode/UTF-8, Standard) MODS (XML) RIS
  • More searches
    Search for this title in:
    Other Libraries (WorldCat) Other Databases (Google Scholar) Online Stores (Bookfinder.com) Open Library (openlibrary.org)

Exporting to Dublin Core...

SOUTHVILLE LIBRARY

Southville International School and Colleges Library

1281 Tropical Ave. Cor. Luxembourg St., BF Homes International, Las Pinas City

Tel. No. 8256374 / 252358 Loc. 117/146

Powered by Koha